Municipios de Huesca - Estadísticas

Estadísticas generales
  • Esta prueba ha sido intentada 8 veces
  • La puntuación promedio es 63 de 202
Estadísticas de respuestas
Municipio % Correcto
Alquézar
100%
Barbastro
100%
Fiscal
100%
Jaca
100%
Sabiñánigo
100%
Aínsa-Sobrarbe
80%
Benabarre
80%
Benasque
80%
Bielsa
80%
Biescas
80%
Boltaña
80%
Broto
80%
Canfranc
80%
Fraga
80%
Graus
80%
Huesca
80%
Isábena
80%
Monzón
80%
Sallent de Gállego
80%
Aísa
60%
Ansó
60%
Ayerbe
60%
Binéfar
60%
Campo
60%
Castejón de Sos
60%
Chía
60%
El Grado
60%
Jasa
60%
Loarre
60%
Naval
60%
Puente de Montañana
60%
Sahún
60%
Sariñena
60%
Seira
60%
Sesué
60%
Siétamo
60%
Tardienta
60%
Torla-Ordesa
60%
Valle de Hecho
60%
Villanova
60%
Abiego
40%
Adahuesca
40%
Agüero
40%
Almudévar
40%
Aragüés del Puerto
40%
Arguis
40%
Bárcabo
40%
Binaced
40%
Bisaurri
40%
Bonansa
40%
Borau
40%
Caldearenas
40%
Castiello de Jaca
40%
Colungo
40%
Estada
40%
Estadilla
40%
Fago
40%
Fanlo
40%
Fonz
40%
Gistaín
40%
Labuerda
40%
La Fueva
40%
Laperdiguera
40%
Laspaulés
40%
Laspuña
40%
Loporzano
40%
Montanuy
40%
Nueno
40%
Olvena
40%
Panticosa
40%
Peraltilla
40%
Plan
40%
Puente la Reina de Jaca
40%
Puértolas
40%
San Juan de Plan
40%
Santa Cilia
40%
Sopeira
40%
Tamarite de Litera
40%
Tella-Sin
40%
Villanúa
40%
Yebra de Basa
40%
Abizanda
20%
Albalate de Cinca
20%
Albalatillo
20%
Albelda
20%
Albero Alto
20%
Albero Bajo
20%
Alcalá de Gurrea
20%
Alcampell
20%
Alcolea de Cinca
20%
Alcubierre
20%
Alfántega
20%
Almunia de San Juan
20%
Almuniente
20%
Altorricón
20%
Arén
20%
Argavieso
20%
Azanuy-Alins
20%
Azara
20%
Azlor
20%
Baélls
20%
Bailo
20%
Baldellou
20%
Banastás
20%
Belver de Cinca
20%
Beranuy
20%
Berbegal
20%
Bierge
20%
Biscarrués
20%
Blecua y Torres
20%
Canal de Berdún
20%
Candasnos
20%
Capella
20%
Casbas de Huesca
20%
Castejón del Puente
20%
Castelflorite
20%
Castigaleu
20%
Castillonroy
20%
Chalamera
20%
El Pueyo de Araguás
20%
Esplús
20%
Estopiñán del Castillo
20%
Foradada del Toscar
20%
Grañén
20%
Gurrea de Gállego
20%
Hoz de Jaca
20%
Hoz y Costean
20%
Huerto
20%
Ilche
20%
Laluenga
20%
Lalueza
20%
Lanaja
20%
Lascellas-Ponzano
20%
Lascuarre
20%
La Sotonera
20%
Las Peñas de Riglos
20%
Lupiñén-Ortilla
20%
Monflorite-Lascasas
20%
Novales
20%
Ontiñena
20%
Peñalba
20%
Peralta de Alcofea
20%
Peralta de Calasanz
20%
Perarrúa
20%
Piracés
20%
Poleñino
20%
Pueyo de Santa Cruz
20%
Quicena
20%
Salas Altas
20%
Salas Bajas
20%
Salillas
20%
San Esteban de Litera
20%
Sangarrén
20%
San Miguel de Cinca
20%
Santa Cruz de la Serós
20%
Santaliestra y San Quílez
20%
Santa María de Dulcis
20%
Secastilla
20%
Sena
20%
Senés de Alcubierre
20%
Tierz
20%
Torre la Ribera
20%
Torrente de Cinca
20%
Torres de Alcanadre
20%
Valfarta
20%
Valle de Lierp
20%
Vencillón
20%
Viacamp y Litera
20%
Villanueva de Sigena
20%
Yésero
20%
Zaidín
20%
Alberuela de Tubo
0%
Alcalá del Obispo
0%
Alerre
0%
Angüés
0%
Antillón
0%
Ballobar
0%
Barbués
0%
Barbuñales
0%
Capdesaso
0%
Castejón de Monegros
0%
Castillazuelo
0%
Chimillas
0%
Comporrélls
0%
Ibieca
0%
Igriés
0%
La Puebla de Castro
0%
Loscorrales
0%
Monesma y Cajigar
0%
Osso de Cinca
0%
Palo
0%
Pertusa
0%
Pozán de Vero
0%
Robres
0%
Sesa
0%
Tolva
0%
Torralba de Aragón
0%
Torres de Barbués
0%
Tramaced
0%
Valle de Bardají
0%
Velilla de Cinca
0%
Vicién
0%
No se encontraron pruebas coincidentes
Distribución de puntuación
Porcentaje de gente con cada puntuación
Porcentaje por número respondido
Historial de tus puntuaciones
No has intentado esta prueba.